[Event "SVK-chT1W 0304"]
[Site "Slovakia"]
[Date "2004.??.??"]
[Round "10"]
[White "Tepper, Frantisek"]
[Black "Kundrik, Peter"]
[Result "1/2-1/2"]
[WhiteElo "2230"]
[BlackElo "2160"]
[PlyCount "83"]
[EventDate "2003.10.??"]
[EventType "team"]
[EventRounds "9"]
[EventCountry "SVK"]
[SourceTitle "EXT 2007"]
[Source "ChessBase"]
[SourceDate "2006.11.23"]
[SourceVersion "1"]
[SourceVersionDate "2006.11.23"]
[SourceQuality "1"]

1. e4 c5 2. Nf3 Nc6 3. Bb5 Nd4 4. Nxd4 cxd4 5. 0-0 Nf6 6. d3 e6 7. c3 Bc5 8. b4 Be7 9. e5 Nd5 10. Qg4 g6 11. Qxd4 f6 12. Bc4 fxe5 13. Qxe5 Bf6 14. Qe1 Nxb4 15. Qd1 Nc6 16. d4 Na5 17. Bd3 0-0 18. Bh6 Bg7 19. Bxg7 Kxg7 20. Nd2 b6 21. Qg4 Qc7 22. Rac1 Bb7 23. g3 Qd6 24. c4 Rac8 25. h4 Nc6 26. Nb3 Nb4 27. Be4 Bxe4 28. Qxe4 Nxa2 29. c5 Qc6 30. Qxc6 Rxc6 31. Ra1 Nc3 32. Rxa7 Rf7 33. Re1 Nd5 34. cxb6 Rxb6 35. Nc5 Nf6 36. Rb7 Rd6 37. Rb4 Rd5 38. Nd3 Ng4 39. f4 h5 40. Ne5 Nxe5 41. Rxe5 Rf5 42. Kf2 1/2-1/2

[Event "SVK-chT1W 0304"]
[Site "Slovakia"]
[Date "2003.??.??"]
[Round "6"]
[White "Detko, Jan"]
[Black "Kundrik, Peter"]
[Result "0-1"]
[WhiteElo "2215"]
[BlackElo "2160"]
[PlyCount "84"]
[EventDate "2003.10.??"]
[EventType "team"]
[EventRounds "9"]
[EventCountry "SVK"]
[SourceTitle "EXT 2005"]
[Source "ChessBase"]
[SourceDate "2004.11.15"]
[SourceVersion "1"]
[SourceVersionDate "2004.11.15"]
[SourceQuality "1"]

1. e4 c5 2. Nc3 Nc6 3. f4 g6 4. Nf3 Bg7 5. Bb5 a6 6. Bxc6 dxc6 7. d3 Bg4 8. 0-0 b6 9. Qe1 Qc7 10. Kh1 Nf6 11. Ne5 Be6 12. b3 Nd7 13. Nxd7 Bxd7 14. Bd2 0-0 15. f5 Qe5 16. Qh4 Qf6 17. Qh3 b5 18. Rae1 e5 19. Nd1 Qd6 20. Qg3 c4 21. Rf3 Be8 22. bxc4 bxc4 23. Ne3 cxd3 24. Nc4 Qe7 25. cxd3 f6 26. h4 Kh8 27. Ref1 Kg8 28. Qh3 Rd8 29. g4 Bf7 30. Ba5 Rd4 31. Bb6 Rxd3 32. Nxe5 Qxe5 33. Rxd3 Qxe4+ 34. Rdf3 Bd5 35. Kh2 Rb8 36. Re3 Qc2+ 37. Kg1 Rxb6 38. Re8+ Kf7 39. Rfe1 Bf8 40. R1e2 Rb1+ 41. Kf2 Bc5+ 42. R8e3 Qe4 0-1

[Event "SVK-chT1W 0304"]
[Site "Slovakia"]
[Date "2003.??.??"]
[Round "4"]
[White "Turna, Stefan"]
[Black "Kundrik, Peter"]
[Result "1/2-1/2"]
[WhiteElo "2235"]
[BlackElo "2160"]
[PlyCount "99"]
[EventDate "2003.10.??"]
[EventType "team"]
[EventRounds "9"]
[EventCountry "SVK"]
[SourceTitle "EXT 2005"]
[Source "ChessBase"]
[SourceDate "2004.11.15"]
[SourceVersion "1"]
[SourceVersionDate "2004.11.15"]
[SourceQuality "1"]

1. d4 Nf6 2. Nf3 g6 3. c4 d6 4. Nc3 Bg7 5. e4 0-0 6. Be2 e5 7. 0-0 Nbd7 8. d5 Nc5 9. Qc2 a5 10. Bg5 h6 11. Be3 Ne8 12. a3 f5 13. b4 Nxe4 14. Nxe4 fxe4 15. Nd2 Nf6 16. h3 Kh7 17. Rac1 Bd7 18. Qc3 b6 19. Qb3 axb4 20. axb4 Ba4 21. Qb1 Bd7 22. Qb2 Qe7 23. Ra1 g5 24. Rxa8 Rxa8 25. Nxe4 Nxe4 26. Bd3 Bf5 27. Qc2 Qf7 28. Bxe4 Bxe4 29. Qxe4+ Qg6 30. Qg4 Qf7 31. Rb1 Qg6 32. Rc1 Qf7 33. Qe4+ Qg6 34. Qg4 Qf7 35. c5 bxc5 36. bxc5 Qxd5 37. Qd7 Rf8 38. Qxc7 dxc5 39. Rxc5 Qd8 40. Qb7 Qf6 41. Rc7 Qg6 42. Qd5 Qf6 43. Bc5 Re8 44. Rf7 Qg6 45. Qd7 Rg8 46. Bd6 Kh8 47. Qe7 Qb1+ 48. Kh2 Qe4 49. Qc7 Ra8 50. Qb7 1/2-1/2

[Event "SVK-chT1W 0203"]
[Site "Slovakia"]
[Date "2002.11.30"]
[Round "5.2"]
[White "Machalova, Maria"]
[Black "Kundrik, Peter"]
[Result "0-1"]
[WhiteElo "2126"]
[BlackElo "2139"]
[PlyCount "94"]
[EventDate "2002.10.12"]
[EventType "team-tourn"]
[EventRounds "11"]
[EventCountry "SVK"]
[SourceTitle "EXT 2005"]
[Source "ChessBase"]
[SourceDate "2004.11.15"]
[SourceVersion "1"]
[SourceVersionDate "2004.11.15"]
[SourceQuality "1"]
[WhiteTeam "Osuske"]
[BlackTeam "Bratislava PI"]
[WhiteTeamCountry "SVK"]
[BlackTeamCountry "SVK"]

1. c4 c5 2. Nc3 Nf6 3. g3 d5 4. cxd5 Nxd5 5. Bg2 Nc7 6. d3 e5 7. Nf3 Nc6 8. 0-0 Be7 9. Be3 0-0 10. a3 Bd7 11. Rb1 b6 12. b4 cxb4 13. axb4 Bxb4 14. Nxe5 Bxc3 15. Nxc6 Qf6 16. Nxa7 Ba5 17. Bxa8 Rxa8 18. Qb3 Rxa7 19. Rfc1 Rb7 20. Qa2 Qf5 21. Bf4 Ne6 22. Bd2 Ra7 23. Be3 h5 24. Qc4 Rc7 25. Qh4 Rxc1+ 26. Rxc1 b5 27. Qe7 Qd5 28. Ra1 Bd8 29. Qa3 Bc6 30. f3 h4 31. Kf2 Bc7 32. Rg1 Bd6 33. Qb2 Be5 34. Qb4 Nd4 35. Rc1 hxg3+ 36. hxg3 Bxg3+ 37. Kg2 Nxe2 38. Rxc6 Qxc6 39. Qd2 Be5 40. Qxe2 Qd5 41. Qc2 g6 42. d4 Bf6 43. Qc3 Qa2+ 44. Kg3 Qb1 45. Kf2 b4 46. Qd2 b3 47. Bg5 Qa2 0-1

[Event "SVK-chT1W 0203"]
[Site "Slovakia"]
[Date "2002.10.13"]
[Round "2.2"]
[White "Jablonicky, Frantisek"]
[Black "Kundrik, Peter"]
[Result "0-1"]
[WhiteElo "2234"]
[BlackElo "2139"]
[PlyCount "135"]
[EventDate "2002.10.12"]
[EventType "team-tourn"]
[EventRounds "11"]
[EventCountry "SVK"]
[SourceTitle "EXT 2005"]
[Source "ChessBase"]
[SourceDate "2004.11.15"]
[SourceVersion "1"]
[SourceVersionDate "2004.11.15"]
[SourceQuality "1"]
[WhiteTeam "Trnava"]
[BlackTeam "Bratislava PI"]
[WhiteTeamCountry "SVK"]
[BlackTeamCountry "SVK"]

1. Nf3 Nf6 2. d4 g6 3. c4 Bg7 4. g3 d6 5. Bg2 0-0 6. 0-0 Nbd7 7. Nc3 e5 8. h3 a5 9. e4 Re8 10. Be3 exd4 11. Nxd4 Nc5 12. Qc2 a4 13. Rad1 Qe7 14. f3 c6 15. Rfe1 Qc7 16. f4 Qa5 17. Bf2 Nh5 18. Kh2 h6 19. Bf3 Nd7 20. Nde2 Bf8 21. Rg1 Ng7 22. h4 h5 23. Bd4 a3 24. b3 Ne6 25. Bf2 Nf6 26. Qd2 Nc5 27. b4 Qxb4 28. e5 dxe5 29. fxe5 Nfd7 30. Bxc5 Bxc5 31. Rgf1 Rxe5 32. Nf4 Be3 33. Qd3 Qe7 34. Ne4 Bxf4 35. gxf4 Qxh4+ 36. Kg2 Qxf4 37. Rde1 Nf8 38. Bxh5 Qh4 39. Nf6+ Qxf6 40. Rxf6 Rxe1 41. Kf2 Re6 42. Rxe6 Bxe6 43. Bf3 Nd7 44. Qb3 Ra7 45. Qb4 Ne5 46. Qd6 Nd7 47. Qc7 Ra4 48. Qxb7 Rxc4 49. Bd1 Kg7 50. Qa7 Rh4 51. Bb3 Bxb3 52. axb3 a2 53. Kg3 Rh1 54. Qxa2 Ne5 55. Kf4 f6 56. Qa7+ Kh6 57. Qb8 Rf1+ 58. Ke4 Kg5 59. Qa7 Rf4+ 60. Ke3 Rf3+ 61. Ke4 Rxb3 62. Qg1+ Kh6 63. Qc1+ Kg7 64. Qc2 Rb4+ 65. Ke3 Rb6 66. Qc5 Rb3+ 67. Ke4 Kf7 68. Qb4 0-1

[Event "SVK-chT2W 0102"]
[Site "Slovakia"]
[Date "2001.10.21"]
[Round "2.1"]
[White "Duriga, Stefan"]
[Black "Kundrik, Peter"]
[Result "1-0"]
[WhiteElo "2230"]
[BlackElo "2146"]
[PlyCount "120"]
[EventDate "2001.10.??"]
[EventType "team"]
[EventRounds "11"]
[EventCountry "SVK"]
[SourceTitle "EXT 2006"]
[Source "ChessBase"]
[SourceDate "2005.11.24"]
[SourceVersion "1"]
[SourceVersionDate "2005.11.24"]
[SourceQuality "1"]

1. d4 Nf6 2. Nf3 g6 3. c4 Bg7 4. Nc3 d6 5. e4 0-0 6. Be2 e5 7. d5 Nbd7 8. 0-0 Nc5 9. Nd2 a5 10. Qc2 Ne8 11. Nb3 b6 12. Be3 f5 13. f3 Nf6 14. Nxc5 bxc5 15. a3 Nh5 16. Rab1 Nf4 17. Rfe1 Rb8 18. Bf1 Bd7 19. Nb5 fxe4 20. fxe4 g5 21. Qd2 Rf6 22. Qxa5 Bxb5 23. cxb5 Qd7 24. Qd2 Rbf8 25. a4 Qg4 26. g3 Rh6 27. Qd1 Nh3+ 28. Bxh3 Qxh3 29. Qe2 Rhf6 30. Qg2 Qg4 31. h3 Qh5 32. g4 Qg6 33. Rf1 Rf4 34. Bxf4 exf4 35. Qf3 Re8 36. Rbe1 Qf6 37. b3 Qd4+ 38. Kh1 h6 39. Rc1 Qd2 40. Rce1 Qd4 41. Qe2 Qc3 42. Rf3 Qb4 43. Kg2 Bc3 44. Rc1 Rxe4 45. Qd3 Bg7 46. Rc4 Rxc4 47. bxc4 Qxa4 48. h4 Qa1 49. Rf1 Qb2+ 50. Rf2 Qc1 51. Ra2 Qe1 52. Ra8+ Kf7 53. h5 Ke7 54. Rc8 Qe5 55. Rxc7+ Kd8 56. Ra7 Qb2+ 57. Kf3 Bd4 58. Ra8+ Kc7 59. b6+ Kb7 60. Qh7+ Bg7 1-0